000 00494nam a2200193Ia 4500
005 20230817121002.0
008 131103s9999 xx 000 0 und d
020 _a037570437 X
_cGBP:8.50
040 _aLoreto College
041 _aEnglish
082 _aF
_bGUT
100 _aGuterson,David
245 _aSnow falling on Cedars
_cDavid Guterson
260 _aNew York
_bVintage Contemporaries
_c1968
300 _a406 p.
650 _aFiction in English
850 _aLCLIB
942 _cBK
999 _c15236
_d65715